000 00428nam a2200157Ia 4500
008 240729s9999 xx 000 0 und d
022 _a2338-476X
245 0 _aPaediatrica Indonesiana
260 _aIndonesia
260 _bIndonesian Pediatric Society Publishing House
650 _a Pediatrics
650 _aMedicine
856 _uhttps://doaj.org/toc/9fc4961ef9e744c3a30baf7302fa799b
942 _2ddc
942 _cDOAJEJ
999 _c69539
_d69539
945 _a1
_bMadushi Gamage
_c1
_dMadushi Gamage